Detalles MARC
| 000 -LEADER |
| campo de control de longitud fija |
01596cam a22004214i 4500 |
| 003 - IDENTIFICADOR DE NÚMERO DE CONTROL |
| campo de control |
PE-LiUPU |
| 005 - FECHA Y HORA DE LA ÚLTIMA TRANSACCIÓN |
| campo de control |
20250731183408.0 |
| 008 - DATOS DE LONGITUD FIJA--INFORMACIÓN GENERAL |
| campo de control de longitud fija |
171124s2007 xxua b 000 0 ing d |
| 020 ## - NÚMERO INTERNACIONAL ESTÁNDAR DEL LIBRO |
| Número Internacional Estándar del Libro |
9783764377526 |
| 035 ## - NÚMERO DE CONTROL DEL SISTEMA |
| Número de control de sistema |
(Sirsi) a240195 |
| 040 ## - FUENTE DE CATALOGACIÓN |
| Centro catalogador/agencia de origen |
PE-LiUPU |
| Lengua de catalogación |
spa |
| Centro/agencia transcriptor |
PE-LiUPU |
| Normas de descripción |
rda |
| 041 1# - CÓDIGO DE IDIOMA |
| Código de lengua del texto/banda sonora o título independiente |
eng |
| Código de lengua original |
ger |
| 049 ## - FONDOS LOCALES (OCLC) |
| Biblioteca depositaria |
PRUA |
| 082 ## - NÚMERO DE LA CLASIFICACIÓN DECIMAL DEWEY |
| Número de clasificación |
720.288 |
| Cutter |
C87 |
| Número de edición |
21 |
| 100 1# - ENTRADA PRINCIPAL--NOMBRE DE PERSONA |
| Nombre de persona |
Cramer, Johannes, |
| Término indicativo de función/relación |
autor. |
| 245 10 - MENCIÓN DEL TÍTULO |
| Título |
Architecture in existing fabric : |
| Resto del título |
planning, design, building / |
| Mención de responsabilidad, etc. |
Johannes Cramer, Stefan Breitling. |
| 264 1# - PRODUCCIÓN, PUBLICACIÓN, DISTRIBUCIÓN, FABRICACIÓN Y COPYRIGHT |
| Producción, publicación, distribución, fabricación y copyright |
Boston : |
| Nombre del de productor, editor, distribuidor, fabricante |
Birkhauser, |
| Fecha de producción, publicación, distribución, fabricación o copyright |
2007. |
| 300 ## - DESCRIPCIÓN FÍSICA |
| Extensión |
221 páginas : |
| Otras características físicas |
ilustraciones ; |
| Dimensiones |
25 centímetros. |
| 336 ## - TIPO DE CONTENIDO |
| Término de tipo de contenido |
text |
| Fuente |
rdacontent |
| 337 ## - TIPO DE MEDIO |
| Nombre/término del tipo de medio |
unmediated |
| Fuente |
rdamedia |
| 338 ## - TIPO DE SOPORTE |
| Nombre/término del tipo de soporte |
volume |
| Fuente |
rdacarrier |
| 504 ## - NOTA DE BIBLIOGRAFÍA, ETC. |
| Nota de bibliografía, etc. |
Bibliografía : páginas 207-211. |
| 505 0# - NOTA DE CONTENIDO CON FORMATO |
| Nota de contenido con formato |
Architecture and time -- The planning process -- Preparatory investigations -- Desig strategies -- Detail planning --Building works sustainability Appendix. |
| 526 ## - NOTA DE INFORMACIÓN SOBRE EL PROGRAMA DE ESTUDIO |
| Nombre del programa |
Maestría Bim Facility Management (A distancia) |
| 526 ## - NOTA DE INFORMACIÓN SOBRE EL PROGRAMA DE ESTUDIO |
| Nombre del programa |
|
| 526 ## - NOTA DE INFORMACIÓN SOBRE EL PROGRAMA DE ESTUDIO |
| Nombre del programa |
Educación musical y artes |
| 526 ## - NOTA DE INFORMACIÓN SOBRE EL PROGRAMA DE ESTUDIO |
| Nombre del programa |
Educación, especialidad educación física |
| 526 ## - NOTA DE INFORMACIÓN SOBRE EL PROGRAMA DE ESTUDIO |
| Nombre del programa |
Arquitectura |
| 526 8# - NOTA DE INFORMACIÓN SOBRE EL PROGRAMA DE ESTUDIO |
| Texto de visualización |
Programa académico : |
| Institución que aplica el campo |
PE-LiUPU |
| 541 ## - NOTA DE FUENTE DE ADQUISICIÓN DIRECTA |
| -- |
003-1760; |
| 596 ## - |
| -- |
1 |
| 650 14 - PUNTO DE ACCESO ADICIONAL DE MATERIA--TÉRMINO DE MATERIA |
| Término de materia o nombre geográfico como elemento de entrada |
Edificios históricos. |
| 700 1# - ENTRADA AGREGADA--NOMBRE PERSONAL |
| Nombre de persona |
Breitling, Stefan, |
| Término indicativo de función/relación |
autor. |
| 910 ## - DATOS DE OPCIÓN DEL USUARIO (OCLC) |
| Datos de opción del usuario |
dbm |
| -- |
ksl |
| -- |
ksl |
| -- |
20171124 |
| 942 ## - ELEMENTOS DE ENTRADA SECUNDARIOS (KOHA) |
| Fuente del sistema de clasificación o colocación |
Clasificación Decimal Dewey |
| Tipo de ítem Koha |
|
| 994 ## - |
| -- |
C0 |
| -- |
PEPRU |
| 999 ## - NÚMEROS DE CONTROL DE SISTEMA (KOHA) |
| -- |
LC |
| -- |
77087 |
| -- |
2021-11-9 |
| -- |
4 |
| -- |
CCODEBUL1 |
| -- |
BUL |
| -- |
64.13 |
| -- |
1 |
| -- |
0 |
| -- |
Y |
| -- |
BOOK |
| -- |
2017-11-24 |
| -- |
INGENIERIA |
| -- |
P06 |
| -- |
COMPRA |
| -- |
.STAFF. Colección Ingeniería y Arquitectura |
| 980 ## - EQUIVALENCIA O REFERENCIA-CRUZADA-MENCIÓN DE SERIE--NOMBRE DE PERSONA/TÍTULO [LOCAL, CANADÁ] |
| ID del último usuario que modificó el registro |
1 |
| Nombre del último usuario que modificó el registro |
ALBERTO SANCHEZ Responsable de Automatización |